[Event "Challenge"]
[Site "http://www.queenalice.com/game.php?id=134053"]
[Date "2006.11.27"]
[Round "-"]
[White "Panades"]
[Black "alvarogoulart"]
[Result "0-1"]
[WhiteElo "1402"]
[BlackElo "1609"]

1. Nc3 d5 2. e4 d4 3. Nd5 e6 4. Bb5+ c6 5. Nf3 cxb5 6. Nf4 Nf6 7. d3 e5 8. Nxe5
Bd6 9. Nf3 Bg4 10. h3 Bxf3 11. Qxf3 Bxf4 12. Bxf4 Nbd7 13. c3 dxc3 14. bxc3 Nc5
15. Rd1 a5 16. O-O b4 17. cxb4 axb4 18. e5 Nd5 19. Qg4 Nxf4 20. Qxf4 O-O 21.
Qxb4 Qd5 22. d4 Ne6 23. g3 Rxa2 24. Qb1 Rfa8 25. h4 Nxd4 26. Qb4 Nf3+ 27. Kg2
Nxh4+ 28. Kh3 Qg2+ 29. Kxh4 R2a4 30. Qxa4 Rxa4+ 31. f4 Qh2+ 32. Kg4 h5+ 33. Kg5
Qxg3+ 34. Kxh5 g6+ 35. Kh6 Qh4# 0-1

[Event "Challenge"]
[Site "http://www.queenalice.com/game.php?id=134081"]
[Date "2006.11.27"]
[Round "-"]
[White "Panades"]
[Black "Frost"]
[Result "0-1"]
[WhiteElo "1167"]
[BlackElo "1067"]

1. e3 d6 2. Nc3 Nh6 3. Bb5+ c6 4. Ba4 b5 5. Bb3 e5 6. Ne4 d5 7. Qh5 Bg4 8. Qxe5+
Be7 9. f3 Nd7 10. Qxg7 Bf8 11. Qxh8 Qh4+ 12. g3 Qe7 13. d3 Bh5 14. Qxh7 Bg6 15.
g4 Bxh7 16. Nf2 b4 17. f4 Nc5 0-1

[Event "Challenge"]
[Site "http://www.queenalice.com/game.php?id=134400"]
[Date "2006.11.28"]
[Round "-"]
[White "Panades"]
[Black "luizpessoa"]
[Result "0-1"]
[WhiteElo "1500"]
[BlackElo "1418"]

1. Na3 e5 2. Nf3 Nc6 3. e4 Nf6 4. c3 d5 5. exd5 Qxd5 6. Bc4 Qd8 7. Nxe5 Nxe5 8.
Qe2 Bd6 9. Bb3 O-O 10. d4 Re8 11. dxe5 Rxe5 12. Be3 Bc5 13. Qc4 Be6 14. Qe2 Qe8
15. f4 Rxe3 16. c4 Rxe2+ 17. Kxe2 Bg4+ 18. Kd2 Qe2+ 19. Kc1 Be3+ 20. Kb1 Bf5+
21. Bc2 Bxc2+ 22. Nxc2 Rd8 23. Nxe3 Qxe3 24. h3 Qe4+ 25. Kc1 Qxc4+ 26. Kb1 Rd2
27. f5 Qc2# 0-1

[Event "Challenge"]
[Site "http://www.queenalice.com/game.php?id=134401"]
[Date "2006.11.28"]
[Round "-"]
[White "Panades"]
[Black "mario"]
[Result "0-1"]
[WhiteElo "1374"]
[BlackElo "1838"]

1. Na3 e5 2. Nf3 e4 3. Ne5 d6 4. Nec4 d5 5. Ne5 Bd6 6. d4 f6 7. Bf4 g5 8. Bg3
fxe5 9. dxe5 Bxa3 10. bxa3 Nc6 11. e3 Qe7 12. Qh5+ Kd7 13. f4 b6 14. Bb5 Bb7 15.
fxg5 Rf8 16. Rf1 Rxf1+ 17. Kxf1 Qf8+ 18. Bf4 Ne7 19. Qh6 Qxh6 20. Kg1 Qf8 21.
Bxc6+ Bxc6 0-1

[Event "Challenge"]
[Site "http://www.queenalice.com/game.php?id=134550"]
[Date "2006.11.28"]
[Round "-"]
[White "Panades"]
[Black "AcademiaAraxaenseXadrez"]
[Result "0-1"]
[WhiteElo "1402"]
[BlackElo "1857"]

1. Na3 e5 2. Nf3 Bxa3 3. bxa3 e4 4. Nd4 c5 5. Nb3 c4 6. Nd4 Qf6 7. e3 Nc6 8. c3
Nxd4 9. exd4 d5 10. Qa4+ Bd7 11. Qb4 Ne7 12. Qxb7 Bc6 13. Qb4 O-O 14. f3 a5 15.
Qb2 Rfb8 16. Qc2 exf3 17. gxf3 Re8 18. d3 Qxf3 19. dxc4 Nf5+ 20. Be2 dxc4 21.
Rf1 Qg2 22. Rxf5 Bf3 23. Be3 Rxe3 24. Qd2 Rxe2+ 25. Qxe2 Qxe2# 0-1

[Event "Challenge"]
[Site "http://www.queenalice.com/game.php?id=134588"]
[Date "2006.11.29"]
[Round "-"]
[White "Panades"]
[Black "lolothebest"]
[Result "0-1"]
[WhiteElo "1374"]
[BlackElo "1500"]

1. Na3 Na6 2. Nh3 d5 3. e3 Bf5 4. Ng5 d4 5. Qh5 g6 6. Qe2 Qc8 7. Qc4 e6 8. Qa4+
c6 9. e4 Qd8 10. h4 Nc5 11. Qb4 Rb8 12. exf5 Ne4 13. Qa4 gxf5 14. Qxa7 Bc5 15.
f3 Bxa7 16. fxe4 Qb6 17. Nc4 Qc5 18. Na3 d3 19. Bxd3 Qf2+ 20. Kd1 Rd8 21. Nc4
fxe4 22. Nxe4 Qxg2 23. Re1 Bc5 24. Nf6+ Nxf6 25. Bf1 Qg4+ 26. Be2 Qxh4 27. Bf1
Qh6 28. Be2 Ne4 29. Bd3 Qh5+ 30. Be2 Nf2# 0-1

[Event "Challenge"]
[Site "http://www.queenalice.com/game.php?id=134589"]
[Date "2006.11.29"]
[Round "-"]
[White "Panades"]
[Black "debia"]
[Result "0-1"]
[WhiteElo "1344"]
[BlackElo "1043"]

1. Nc3 e5 2. Nf3 Nc6 3. d4 Bb4 4. e3 e4 5. Nd2 Nf6 6. Ndxe4 Bxc3+ 7. Nxc3 a6 8.
b4 Nxb4 9. Bc4 O-O 10. e4 Nxe4 11. Nxe4 d5 12. Qd2 a5 13. c3 dxe4 14. cxb4 a4
15. f3 Re8 16. Qf4 exf3+ 17. Kf2 Kh8 18. Kxf3 a3 19. Bd3 g5 20. Qe4 Rxe4 21.
Bxe4 Qf6+ 22. Ke3 Bd7 23. g3 Re8 24. Bxa3 Bf5 25. Rhf1 Rxe4+ 26. Kd2 Qxd4+ 27.
Kc2 Re2+ 28. Kb3 Qd5+ 29. Ka4 Bd7+ 30. b5 Qxb5# 0-1

[Event "Challenge"]
[Site "http://www.queenalice.com/game.php?id=134793"]
[Date "2006.11.29"]
[Round "-"]
[White "lica"]
[Black "Panades"]
[Result "0-1"]
[WhiteElo "951"]
[BlackElo "1285"]

1. e4 Nf6 2. f3 d5 3. Bb5+ c6 4. Ba4 e6 5. d4 Nh5 6. g4 Nf6 7. h4 h5 8. Ne2 Qa5+
9. c3 b5 10. Bb3 Nbd7 11. e5 Nh7 12. a4 hxg4 13. fxg4 Nb6 14. Rf1 g6 15. h5 gxh5
16. gxh5 b4 17. Be3 Ba6 18. Bc2 Nc4 19. b3 Nb2 20. Qc1 Nd3+ 21. Bxd3 Bxd3 22.
Rf2 Rg8 23. h6 Qa6 24. cxb4 Bxe2 25. b5 cxb5 26. Kxe2 Rc8 27. Qd2 bxa4+ 28. Kd1
Rg1+ 29. Rf1 Rxf1+ 30. Qe1 Rxe1+ 31. Kxe1 Qd3 32. Nd2 Qxe3+ 33. Kd1 Bxh6 34.
bxa4 Qxd2# 0-1

[Event "Challenge"]
[Site "http://www.queenalice.com/game.php?id=135443"]
[Date "2006.12.1"]
[Round "-"]
[White "Panades"]
[Black "mario"]
[Result "0-1"]
[WhiteElo "1142"]
[BlackElo "1839"]

1. e4 e5 2. Nf3 Nc6 3. Bc4 Be7 4. g3 Nf6 5. d3 d5 6. exd5 Nxd5 7. Nh4 Bxh4 8.
gxh4 Be6 9. Rg1 g6 10. b3 h6 11. Na3 a6 12. f3 Qxh4+ 13. Rg3 Qxh2 14. Rg4 Qh1+
15. Kd2 Qxd1+ 16. Kxd1 Nc3+ 17. Kd2 Bxg4 18. Kxc3 Bxf3 19. Bd2 Rd8 20. Rf1 Bd5
21. Be1 Bxc4 22. Nxc4 b5 23. Bh4 b4+ 24. Kd2 g5 25. Bf2 O-O 26. Bc5 Rfe8 27. Rf6
Re6 28. Rxe6 fxe6 29. Ne3 e4 30. c3 Rxd3+ 31. Ke2 Rxc3 32. Nc4 Rc2+ 33. Ke3 Rxa2
0-1

[Event "Challenge"]
[Site "http://www.queenalice.com/game.php?id=135446"]
[Date "2006.12.1"]
[Round "-"]
[White "Panades"]
[Black "Twinigo"]
[Result "0-1"]
[WhiteElo "1196"]
[BlackElo "1978"]

1. e4 e5 2. Qf3 Nc6 3. Bc4 Nf6 4. Nh3 Nd4 5. Qd3 Bc5 6. c3 Ne6 7. b4 Bb6 8. b5
Nc5 9. Qg3 Qe7 10. Qxg7 Rg8 11. Qh6 Ncxe4 0-1

[Event "Challenge"]
[Site "http://www.queenalice.com/game.php?id=135481"]
[Date "2006.12.1"]
[Round "-"]
[White "lolothebest"]
[Black "Panades"]
[Result "1-0"]
[WhiteElo "1413"]
[BlackElo "1290"]

1. d4 d5 2. g3 g6 3. Bg2 e6 4. c3 Bh6 5. Nf3 b5 6. Ne5 Nd7 7. Na3 Ba6 8. e3 Ngf6
9. O-O Nh5 10. Qf3 Rf8 11. e4 b4 12. Bxh6 Nxe5 13. dxe5 bxa3 14. b3 f6 15. Bh3
Qe7 16. g4 Nf4 17. Qxf4 g5 18. Qg3 Rf7 19. exd5 exd5 20. Qg2 Qxe5 21. Rae1 Re7
22. Rxe5 Rxe5 23. Qg3 Rd8 24. Bg7 Kf7 25. f4 Re6 26. fxg5 Bxf1 27. Qxc7+ Ke8 28.
gxf6 Bxh3 29. Qg3 Rd7 30. Qxh3 Re1+ 31. Kf2 Ra1 32. Qh5+ Rf7 33. Qxh7 Rxa2+ 34.
Kg3 Rxg7 35. Qxg7 Re2 36. Qxa7 a2 37. Kf3 Rb2 38. Qe7# 1-0

[Event "Challenge"]
[Site "http://www.queenalice.com/game.php?id=136153"]
[Date "2006.12.2"]
[Round "-"]
[White "Panades"]
[Black "debia"]
[Result "0-1"]
[WhiteElo "1214"]
[BlackElo "1333"]

1. e4 g6 2. b3 Bg7 3. Nc3 c6 4. Bc4 e6 5. a4 Nf6 6. f3 Nh5 7. d4 c5 8. Be3 Qa5
9. Bd2 cxd4 10. b4 Qxb4 11. Nb5 Qxc4 12. Ne2 a6 13. Nbxd4 Bxd4 14. c3 Be5 15. f4
Bf6 16. e5 Bh4+ 17. g3 Be7 18. Nd4 Bc5 19. g4 Bxd4 20. gxh5 Bxc3 21. Rc1 Qe4+
22. Qe2 Qxh1+ 23. Qf1 Qe4+ 24. Kd1 Bb2 25. Rxc8+ Ke7 26. Rxh8 Qb1+ 27. Ke2 Qe4+
28. Kd1 Qb1+ 29. Ke2 Qe4+ 30. Kd1 Qb1+ 31. Ke2 Qe4+ 32. Kd1 Qxa4+ 33. Ke2 Qe4+
34. Kd1 Qa4+ 35. Ke2 a5 36. Qb1 Qb5+ 37. Kd1 Qf1+ 38. Kc2 Qc4+ 39. Kxb2 Ra6 40.
Rxb8 Rb6+ 41. Ka1 Qd4+ 42. Ka2 Qxd2+ 43. Ka1 Qd4+ 44. Ka2 Rxb1 45. Kxb1 Qe4+ 46.
Kc1 Qxf4+ 47. Kd1 Qg4+ 0-1

[Event "Challenge"]
[Site "http://www.queenalice.com/game.php?id=136154"]
[Date "2006.12.2"]
[Round "-"]
[White "Panades"]
[Black "debia"]
[Result "0-1"]
[WhiteElo "1269"]
[BlackElo "1236"]

1. e4 e6 2. Nh3 h6 3. b3 Nc6 4. Ba3 d6 5. Nc3 e5 6. Nd5 a6 7. b4 Be6 8. b5 axb5
9. Bxb5 Rxa3 10. O-O h5 11. Qc1 Ra5 12. c4 g5 13. Nxg5 Qxg5 14. Nxc7+ Kd8 15.
Nxe6+ fxe6 16. Qc3 Ra8 17. Qf3 Nf6 18. h4 Qxh4 19. Qe3 Nd7 20. g3 Qh3 21. Qg5+
Kc8 22. Qh4 Qxh4 23. gxh4 Rg8+ 24. Kh2 Bh6 25. Rg1 Bf4+ 26. Kh1 Rh8 27. a4 Nd4
28. Rg7 Nxb5 29. cxb5 Nc5 30. d4 Nd3 31. Rf1 Rxa4 32. Rd1 Nxf2+ 33. Kg1 Nxd1 34.
Re7 Rg8+ 35. Kf1 Ne3+ 36. Ke2 Ra2+ 37. Kf3 Rg3# 0-1

[Event "Challenge"]
[Site "http://www.queenalice.com/game.php?id=136752"]
[Date "2006.12.3"]
[Round "-"]
[White "Panades"]
[Black "ALMOVE"]
[Result "0-1"]
[WhiteElo "1238"]
[BlackElo "1276"]

1. e4 c6 2. Qf3 Nf6 3. Bc4 d6 4. Nh3 g6 5. Ng5 d5 6. Bd3 Bh6 7. h4 dxe4 8. Bxe4
O-O 9. b3 Bg7 10. Ba3 Bg4 11. Qf4 Qc8 12. f3 Nxe4 13. Qxg4 Bxa1 14. Qxe4 Qc7 15.
Bxe7 Re8 16. Bd6 Rxe4+ 17. Kd1 Qd7 18. Nxe4 f5 0-1